00343 a2200121 4500001000900000005001700009008004100026245002500067100002100092700001800113773007300131999001700204ART_236520260410161725.0260409a 10aLas reservas de caja1 aPascale, Ricardo1 aKhoury, Nabil0 tAdministración de empresasg- Año 7, Nº 82 (ene. 1977)wREV2036 c17334d17334